Quizzes
Events
Quiz Creation
Community
Videos
Private Events
Remove Ads
Sign In
Join for FREE
Feedback
Dark Mode
Quiz Categories
Sports
Geography
Music
Movies
Television
Just For Fun
Miscellaneous
History
Literature
Language
Science
Gaming
Entertainment
Religion
Holiday
For Kids
Quiz Lab
Recent
Popular Today
Quiz Kudos Today
Editor Picks
Curator Picks
Quizzes by...
Day
Popularity
Type
Ratings
Length
Year
Community
Subscriptions
Recent Discussions
Orange Saloon
Badges
Playlists
Quests
Create
Leaderboards
Showdown
Live 5
Trivia Bingo
Activity
Puzzle Library
Sporcle Events
Private Events
Virtual Trivia
Globe League
Become a Host
Pub Owners
SporcleCon
Opinionation
Our Games
Videos
Blog
Mobile Apps
Partnerships
Remove Ads and Go Orange
Feedback
Television
TV Characters
TV Show
Sitcom
Network
Friends
Reality Shows
Cast
South Park
Star Trek
The Simpsons
Doctor Who
Television
TV Characters
TV Show
Sitcom
Network
Friends
Reality Shows
Cast
South Park
Star Trek
The Simpsons
Doctor Who
Random Quiz
Search Sporcle
×
Quiz Lab
Quiz Lab
Television
Disney
Type in answers that appear in a list
Type in answers that appear in a list
Classic
Best Score? Go Orange.
Disney channel shows and charactors Stats
Can you name the disney channel shows and charactors?
By
unique25
15m
218 Questions
361 Plays
361 Plays
361 Plays
Comments
Comments
Give Quiz Kudos
Give Quiz Kudos
-
- Ratings
hide this ad
Replay
Link that replays current quiz
Next Quiz
Link to next quiz in quiz playlist
You Got
0%
They Got
Avg Score
7%
Avg Friend Score
Upgrade to see
Score Distribution
Jump to the score distribution portion of the page
Score
0/218
Timer
15:00
0
Plays Today
year
answers
% Correct
2003
That's So Raven
54.8%
Hannah Montana
52.6%
2010
Good Luck Charlie
49.6%
Wizards of Waverly Place
47.9%
The Suite Life of Zack and Cody
43.8%
2008
The Suite Life on Deck
43.5%
1989
Mickey Mouse Club
39.3%
Jessie
39.3%
2002
Kim Possible
39.1%
Shake It Up
39.1%
2009
Sonny with a Chance
37.1%
Lizzie McGuire
36.6%
Even Stevens
34.6%
2007
Cory in the House
34.6%
Phineas and Ferb
34.6%
2011
A.N.T Farm
34.1%
Austin and Ally
32.4%
2004
Phil of the Future
26.6%
Jonas
25.5%
Fish Hooks
25.5%
2006
High School Musical
24.9%
So Random
23.8%
The Proud Family
23.3%
Camp Rock
19.1%
High School Musical 2
18.8%
Mickey Mouse Clubhouse
16.3%
1983
Good Morning Mickey
15%
Welcome to Pooh Corner
14.7%
Halloweentown
13.9%
1985
Dumbo's Circus
13%
Contraption
12.7%
You and Me Kid
12.5%
Donald Duck Presents
12.2%
1984
Symbol
12.2%
1999
The Famous Jett Jackson
12.2%
1998
Bug Juice
11.4%
Brandy and Mr.Whiskers
11.4%
1986
Kids Incorporated
10.8%
2005
American Dragon: Jake Long
10.8%
The Replacements
10.8%
1991
Adventures in Wonderland
10.5%
So Weird
10.5%
The Cheetah Girls
10.2%
Lemonade Mouth
10.2%
1997
Flash Forward
9.7%
Little Einsteins
9.4%
Twitches
9.4%
Good Morning Bliss
9.1%
The Jersey
9.1%
Princess Protection Program
9.1%
Lilo and Stitch: The Series
8.9%
2006
The Emperor's New School
8.9%
Smart House
8.9%
Halloweentown High
8.6%
Wizards of Waverly Place: The Movie
8.6%
The Luck of the Irish
8.3%
2007
Jump In!
8.3%
Dave the Barbarian
8%
The Cheetah Girls 2
8%
The Buzz on Maggie
7.8%
The Even Stevens Movie
7.8%
In a Heartbeat
7.5%
The Thirteenth Year
7.5%
Brink!
7.2%
2000
Totally Circus
6.9%
2001
Totally Hoops
6.9%
Handy Manny
6.9%
Cow Belles
6.9%
2010
Starstruck
6.9%
16 Wishes
6.9%
2011
Jake and the Never Land Pirates
6.6%
Wendy Wu: Homecoming Warrior
6.4%
Read It and Weep
6.4%
year
answers
% Correct
Twitches Too
6.4%
2011
The Suite Life Movie
6.4%
Geek Charming
6.4%
Totally in Tune
6.1%
2008
Imagination Movers
6.1%
1997
Bear in the Big Blue House
5.8%
Cadet Kelly
5.8%
2008
Minutemen
5.8%
Camp Rock 2: The Final Jam
5.8%
Hatching Pete
5.3%
2007
My Friends Tigger and Pooh
5%
Return to Halloweentown
5%
Out of the Box
4.7%
1999
Zenon: Girl of the 21st Century
4.7%
Johnny Tsunami
4.7%
2002
Double Team
4.7%
The Cheetah Girls: One World
4.7%
2006
Charlie and Lola
4.4%
Quints
4.4%
My Babysitter's a Vampire
4.4%
2009
Special Agent Oso
4.2%
Jungle Junction
4.2%
Get a Clue
4.2%
PrankStars
3.9%
2004
Higglytown Heroes
3.9%
Snow White
3.9%
Under Wraps
3.9%
The Color of Friendship
3.9%
Phantom of the Megaplex
3.9%
Life is Ruff
3.9%
The Proud Family Movie
3.9%
2009
Dadnapped
3.9%
Gotta Kick It Up!
3.6%
Stuck in the Suburbs
3.6%
Rolie Polie Olie
3.3%
Stanley
3.3%
2000
Up, Up, and Away
3.3%
2001
Zenon: The Zequel
3.3%
2003
You Wish!
3.3%
Den Brother
3.3%
2003
JoJo's Circus
3%
Don't Look Under the Bed
3%
Motocrossed
3%
Full-Court Miracle
3%
Zenon: Z3
3%
2005
Now You See It...
3%
Avalon High
3%
Can of Worms
2.8%
Mom's Got a Date with a Vampire
2.8%
The Ultimate Christmas Present
2.8%
Eddie's Million Dollar Cook-Off
2.8%
Good Luck Charlie, It's Christmas
2.8%
1983
Tiger Town
2.5%
1997
Northern Lights
2.5%
Go Figure
2.5%
2010
Chuggington
2.2%
Right on Track
2.2%
2001
The Book of Pooh
1.9%
1985
Lots of Luck
1.9%
Horse Sense
1.9%
Rip Girls
1.9%
Miracle in Lane 2
1.9%
Tru Confessions
1.9%
2004
Pixel Perfect
1.9%
Tiger Cruise
1.9%
1998
PB&J Otter
1.7%
Just Like Mr. Sunny
1.7%
The Undergrads
1.7%
The Blue Yonder
1.7%
1986
Help Wanted: Kids
1.7%
Down the Long Hills
1.7%
Wish Upon A Star
1.7%
Jett Jackson: The Movie
1.7%
year
answers
% Correct
Love Leads the Way
1.4%
Mr. Boogedy
1.4%
Spot Marks the X
1.4%
Not Quite Human
1.4%
Hounded
1.4%
Jumping Ship
1.4%
Kim Possible Movie: So the Drama
1.4%
Johnny Kapahala: Back on Board
1.4%
Johnny and the Sprites
1.1%
Bunnytown
1.1%
Tinga Tinga Tales
1.1%
1984
Gone Are the Days
1.1%
The Caldercott Story
1.1%
Save the Dog
1.1%
Spies
1.1%
1998
You Lucky Dog
1.1%
Genius
1.1%
Alley Cats Strike
1.1%
The Other Me
1.1%
The Poof Point
1.1%
'Twas The Night
1.1%
The Scream Team
1.1%
Going to the Mat
1.1%
Sharpay's Fabulous Adventure
1.1%
Where Is Warehouse Mouse
0.8%
Babar and the Adventures of Badou
0.8%
The Parent Trap two
0.8%
Fluppy Dogs
0.8%
Good Old Boy
0.8%
Susie Q
0.8%
Ready to Run
0.8%
Harriet the Spy: Blog Wars
0.8%
Phineas and Ferb The Movie:Across the 2nd Dimension
0.8%
2005
Breakfast with Bear
0.6%
1987
Strange Companions
0.6%
1988
Rock N Roll Mom
0.6%
Heidi
0.6%
The Whipping Boy
0.6%
1996
The Little Riders
0.6%
A Ring of Endless Light
0.6%
Buffalo Dreams
0.6%
Anne of Avanlea: The Continuing Story of Anne of Green Gables
0.3%
The Christams Visitor
0.3%
Night Train to Kathmandu
0.3%
A Friendship in Vienna
0.3%
Goodbye, Miss 4th of July
0.3%
1989
The Parent Trap three
0.3%
Not Quite Human two
0.3%
Chips, the War Dog
0.3%
Back Home
0.3%
Back to Hannibal: The Return of Tom Sawyer and Hukleberry Finn
0.3%
1991
Bejewelled
0.3%
Perfect Harmony
0.3%
1992
Still Not Quite Human
0.3%
Mark Twain and Me
0.3%
1993
The Ernest Green Story
0.3%
Airborne
0.3%
1994
On Promised Land
0.3%
1995
The Old Curiosity Shop
0.3%
Escape to Witch Mountain
0.3%
The Four Diamonds
0.3%
Nightjohn
0.3%
1997
The Paper Brigade
0.3%
Stepsister of Planet Weird
0.3%
The Jeenie Project
0.3%
Halloweentown two: Kalabar's Revenge
0.3%
Kim Possible Movie: A Stich in Time
0.3%
Ollie Hopnoodle's Haven of Bliss
0%
The Parent Trap: Hawaiian Honeymoon
0%
1990
Lantern Hill
0%
Mother Goose Rock 'n' Rhyme
0%
The Little Kidnappers
0%
Quiz Playlist
Details
Report
Send in Message
Add To Playlist
Classic:
Type in answers that appear in a list
Last Updated: Feb 16, 2017
Quiz Scoreboard
CHALLENGE
Sign Up to Join the Scoreboard
Show All
Scores
Hide
Comments
May contain spoilers
Recently Published
An Introduction to Baseball
by treessimontrees
Sports
5m
Movies - When Are They Set?
by FPL_Elf
Movies
5m
Popular People in 1961
by mucciniale
History
6m
More to Explore
Quiz From the Vault
Featured Blog Post
Where Did the Easter Bunny Come From?
hide this ad
You Might Also Like...
Tags
Disney Quiz
Show Quiz
channel
Character
Today's Top Quizzes in Television
Browse Television
hide this ad
Today's Top Quizzes in Disney
Browse Disney
Top Contributed Quizzes in Television
1
One Piece Logic Puzzle
2
5-to-1: The Simpsons Families
3
Survivor Logic Puzzle: Heroes vs. Villains
4
5-to-1: Television Doctors
5
7-to-1: TV Show Settings
6
Survivor Seasons
7
5-to-1: Streaming Originals
8
Survivor Season by Logo
9
One Thing in Common: Television
10
TV Shows by First Names
Explore More
Trending Topics
Disney
Kpop
Marvel
Crossword
NBA
Harry Potter
Anime
Puzzle
NFL
Country
Pokémon
Song
The Office
Soccer
WWE
hide this ad
More By:
unique25
Quiz
Plays
Rating
Category
Featured
Created
disney channel shows and charactors
361
1.80
Television
Dec 26, 2011
name the fifty states' flowers
162
3.17
Geography
Dec 18, 2011
1,048,576
121
3.33
Just For Fun
Jul 3, 2014
Popular Poptarts
33
Just For Fun
Apr 2, 2014
Some Animals
24
1.75
Just For Fun
Aug 13, 2012
Go to Creator's Profile
Score Distribution
Quiz Creator Spotlight
unique25
Follow
Send a Message
Quizzes Created
-
Created Quiz Play Count
-
More By This Creator
Popular Quizzes Today
1
Find the Countries of Europe - No Outlines Minefield
2
Find the US States - No Outlines Minefield
3
The Countries of the World
4
Popular People in 1961
5
Find the US States
6
US States
7
1-10 Letter E Words III
8
Risky Map Clicking: Biggest States A-Z
More Television Quizzes
Follow That Line: The Good Place S3x01
Curator's Pick
Trending Quizzes
Risky Map Clicking: Least Populous States A-Z
1-10 Letter F Words
1-10 Letter G Words
One Thing in Common: United Kingdom
Risky Map Clicking: Next State Alphabetically
Recently Updated
Leaping Animals
pecheneg
Reality TV Shows (A-Z)
bhenderson79
Rickey Henderson's Hall of Fame Teammates
pecheneg
Champions League XIs: Arsenal
pecheneg
Quick Pick: Celebrities in WWE's Hall of Fame
aduchscher
A-Z Keypad Blitz II
pecheneg
Multiple Oscar Actors
pecheneg
Mystery Phrase Blitz: Oscar 'Best Actors'
pecheneg
F. Scott Fitzgerald Novels
LTH
Pick 3 Villains
ddd62291
Trending Topics
Marvel
NBA
Crossword
Kpop
Disney
Anime
Harry Potter
NFL
Pokémon
WWE
Country
The Office
Soccer
Puzzle
Song
Your Account Isn't Verified!
In order to create a playlist on Sporcle, you need to verify the email address you used during registration. Go to your
Sporcle Settings
to finish the process.
Report this User
Report this user for behavior that violates our
Community Guidelines
.
Details:
Send Report
Go to the Sporcle.com Mobile Site →
Comments